000
00188nam a2200073Ia 4500
008
170617s9999 xx 000 0 und d
100
_a
Gupta-Ashok K.
245
0
_a
Introduction to Pharmaceutics-1
260
_b
Mumbai-Source
999
_c
14860
_d
14860